Melones, melones, melones / (Record no. 29856)

MARC details
000 -LEADER
fixed length control field 00530nam a22001937a 4500
001 - CONTROL NUMBER
control field sjds
003 - CONTROL NUMBER IDENTIFIER
control field sjds
005 - DATE AND TIME OF LATEST TRANSACTION
control field 20240604174248.0
008 - FIXED-LENGTH DATA ELEMENTS--GENERAL INFORMATION
fixed length control field 240604b |||||||| |||| 00| 0 spa d
020 ## - INTERNATIONAL STANDARD BOOK NUMBER
International Standard Book Number 0590260316
040 ## - CATALOGING SOURCE
Transcribing agency sjds
100 1# - MAIN ENTRY--PERSONAL NAME
Personal name Avalos, Cecilia
245 ## - TITLE STATEMENT
Title Melones, melones, melones /
Statement of responsibility, etc. Cecilia Avalos ; Joe Boddy (Illustrator)
260 ## - PUBLICATION, DISTRIBUTION, ETC. (IMPRINT)
Place of publication, distribution, etc. New York, N.Y. :
Name of publisher, distributor, etc. Scholastic,
Date of publication, distribution, etc. c1992.
300 ## - PHYSICAL DESCRIPTION
Extent 16 pages :
Other physical details illustrations
440 ## - SERIES STATEMENT/ADDED ENTRY--TITLE
Title Coleccion Iguana
700 ## - ADDED ENTRY--PERSONAL NAME
Personal name Boddy, Joe
Relator term Illustrator
942 ## - ADDED ENTRY ELEMENTS (KOHA)
Koha item type Libro/Book
Holdings
Withdrawn status Lost status Damaged status Not for loan Home library Current library Date acquired Total Checkouts Barcode Checked out Date last seen Date checked out Price effective from Koha item type
        San Juan Del Sur -- Mobile Cardenas 04/06/2024 1 33004898 25/09/2024 21/08/2024 21/08/2024 04/06/2024 Libro/Book
        San Juan Del Sur -- Mobile San Juan Del Sur -- Mobile 04/06/2024 1 33004897   06/11/2024 02/10/2024 04/06/2024 Libro/Book

Powered by Koha